00290nam a2200121 a 4500008004100000020001500041050001600056100001500072245003200087260002600119300001400145350000900159120416s1989 ||||||||||||||||| || u a058202188X aHF 5635 Her aHerbert, M10aAccounting: an introduction aLondonbLongmanc1989 aiv, 317p. a0.00